Etnografía: metodología cualitativa en la investigación sociocultural

Saved in:
Bibliografiske detaljer
Hovedforfatter: Aguirre Baztán, Angel (Author)
Format: Bog
Sprog:spansk
Udgivet: Barcelona Marcombo 1995
Serier:Colección Historia de la Antropología Española. Serie de Antropología, 17
Fag:
Tags: Tilføj Tag
Ingen Tags, Vær først til at tagge denne postø!

MARC

LEADER 00000nam a2200000 a 4500
001 UCP9186
003 CL-VaPUC
008 000324e19950000SP |||||||||||||||||spa|d
082 0 4 |a 306.096  |b AGU  |2 21 
100 0 |a Aguirre Baztán, Angel  |e author  |9 439602 
245 1 0 |a Etnografía: metodología cualitativa en la investigación sociocultural 
300 |a 356 p 
942 |c BK 
945 |d 20000324 00:00:00  |a rbrito 
260 |a Barcelona  |b Marcombo  |c 1995 
650 0 |a Etnografía   |9 309735 
583 |a last modification  |c 20000324 00:00:00  |k Rodrigo Vera 
490 0 |a Colección Historia de la Antropología Española. Serie de Antropología, 17 
999 |c 286026  |d 286024 
952 |0 0  |1 0  |4 0  |6 306_096000000000000_AGU_1995  |7 0  |8 A  |9 331259  |a BIBTEO  |b BIBTEO  |d 2019-11-20  |i 3622193  |o 306.096 AGU 1995  |p 3622193  |r 2025-01-17  |w 2019-11-20  |y BK  |k ICR 
952 |0 0  |1 0  |4 0  |6 306_096000000000000_AGU_1995  |7 0  |8 A  |9 331260  |a BIBGIM  |b BIBGIM  |d 2019-11-20  |i 3592669  |l 1  |m 1  |o 306.096 AGU 1995  |p 3592669  |r 2025-03-03  |s 2025-01-22  |w 2019-11-20  |y BK  |k GIM